[Event "Collado Villalba op-B 35th"]
[Site "Collado Villalba ESP"]
[Date "2018.08.31"]
[Round "8.13"]
[White "Teran Gonzalez, Adrian"]
[Black "Garcia Varea, Benjamin"]
[Result "1-0"]
[WhiteElo "1327"]
[BlackElo "1576"]
[PlyCount "65"]
[EventDate "2018.08.24"]
[EventType "swiss"]
[EventRounds "9"]
[EventCountry "ESP"]
[SourceTitle "Ajedrez en Madrid"]
[Source "lmi"]
[SourceDate "2018.08.24"]

1. d4 Nf6 2. c4 d6 3. Nc3 Bf5 4. Bg5 Nbd7 5. Qb3 b6 6. Qb5 Bg6 7. Bxf6 gxf6 8.
e4 e5 9. Nf3 a6 10. Qc6 Bh5 11. Nd5 Rc8 12. Be2 Bg7 13. Nh4 Bxe2 14. Kxe2 O-O
15. Nf5 Re8 16. f3 exd4 17. Nxd4 Ne5 18. Qa4 c6 19. Ne3 b5 20. cxb5 axb5 21.
Qb3 Qb6 22. Rad1 Red8 23. Ndf5 Bf8 24. h4 Qa6 25. h5 h6 26. f4 Nc4 27. Nxc4
bxc4 28. Qc3 Re8 29. Rh4 Rxe4+ 30. Kf3 Rce8 31. Rg4+ Kh7 32. Qxf6 Qb7 33. Rg7+
1-0

[Event "Collado Villalba op-B 35th"]
[Site "Collado Villalba ESP"]
[Date "2018.08.31"]
[Round "8.14"]
[White "Pardo Robles, Jose Manuel"]
[Black "Gallego Romero, Manuel"]
[Result "1/2-1/2"]
[WhiteElo "1795"]
[BlackElo "1406"]
[PlyCount "82"]
[EventDate "2018.08.24"]
[EventType "swiss"]
[EventRounds "9"]
[EventCountry "ESP"]
[SourceTitle "Ajedrez en Madrid"]
[Source "lmi"]
[SourceDate "2018.08.24"]

1. d4 d5 2. c4 c6 3. Nf3 e6 4. Nc3 Nf6 5. Bg5 Nbd7 6. cxd5 exd5 7. e3 Be7 8. h3
Nf8 9. Bd3 Ne6 10. Bh4 h6 11. Qc2 a6 12. Bg3 O-O 13. O-O c5 14. dxc5 Nxc5 15.
Be2 Nce4 16. Bh2 Nxc3 17. bxc3 Be6 18. Nd4 Rc8 19. Qb2 b5 20. a4 Ne4 21. Rfc1
Bh4 22. f3 Ng5 23. Nxe6 fxe6 24. f4 Ne4 25. Bf3 Bf2+ 26. Kf1 Bxe3 27. Rc2 Bxf4
28. Bxf4 Rxf4 29. axb5 axb5 30. Qxb5 Qf6 31. Qd3 Rxc3 32. Rxc3 Qxc3 33. Ra8+
Kf7 34. Qxc3 Nxc3 35. Kf2 g5 36. Rh8 Kg7 37. Re8 Rf6 38. Ke3 Kf7 39. Bh5+ Kg7
40. Re7+ Kf8 41. Re8+ Kg7 1/2-1/2

[Event "Collado Villalba op-B 35th"]
[Site "Collado Villalba ESP"]
[Date "2018.08.31"]
[Round "8.15"]
[White "Garcia Lopez, Fernando"]
[Black "Rodriguez del Moral, Angel"]
[Result "0-1"]
[WhiteElo "1558"]
[BlackElo "1728"]
[PlyCount "106"]
[EventDate "2018.08.24"]
[EventType "swiss"]
[EventRounds "9"]
[EventCountry "ESP"]
[SourceTitle "Ajedrez en Madrid"]
[Source "lmi"]
[SourceDate "2018.08.24"]

1. e4 c5 2. Nf3 Nc6 3. d4 cxd4 4. Nxd4 Nf6 5. Nc3 e5 6. Ndb5 d6 7. Bg5 a6 8.
Na3 b5 9. Nd5 Be7 10. Nxe7 Qxe7 11. c3 Be6 12. Nc2 Rd8 13. Ne3 Qb7 14. Nd5 Bxd5
15. Bxf6 gxf6 16. Qxd5 Na5 17. Qxb7 Nxb7 18. a4 bxa4 19. Rxa4 O-O 20. f3 Nc5
21. Ra3 a5 22. Bc4 a4 23. O-O Rb8 24. Ra2 Rb6 25. Rd1 Rfb8 26. Rd2 Kg7 27. g4
Kg6 28. Kf2 Kg5 29. Bxf7 Kf4 30. Ke2 R8b7 31. Bd5 Rg7 32. Kf2 h5 33. h3 hxg4
34. hxg4 Rh7 35. Kg1 Rh3 36. Kg2 Rg3+ 37. Kf1 Rb8 38. Rg2 Rxf3+ 39. Rf2 Rh8 40.
Rxf3+ Kxf3 41. Ke1 Rh2 42. Bc4 Nxe4 43. b4 Rh1+ 44. Bf1 Ng3 45. Rf2+ Ke4 46.
Rxf6 Rxf1+ 47. Rxf1 Nxf1 48. Kd1 Ne3+ 49. Kc1 Nxg4 50. b5 Nf6 51. b6 Nd7 52. b7
Kd5 53. Kb2 e4 0-1

[Event "Collado Villalba op-B 35th"]
[Site "Collado Villalba ESP"]
[Date "2018.08.31"]
[Round "8.16"]
[White "Murillo Paz, Pedro"]
[Black "Sanchez Rodenas, Jose Antonio"]
[Result "1-0"]
[WhiteElo "1428"]
[BlackElo "1623"]
[PlyCount "83"]
[EventDate "2018.08.24"]
[EventType "swiss"]
[EventRounds "9"]
[EventCountry "ESP"]
[SourceTitle "Ajedrez en Madrid"]
[Source "lmi"]
[SourceDate "2018.08.24"]

1. e4 e5 2. Nf3 Nc6 3. Nc3 Nf6 4. d3 Bb4 5. Bd2 O-O 6. Ne2 Bc5 7. Bg5 d6 8. Nc3
Bb4 9. Be2 h6 10. Bd2 Be6 11. O-O a6 12. a3 Bc5 13. Qc1 Kh7 14. Be3 Bxe3 15.
Qxe3 Ng4 16. Qd2 f5 17. h3 Nf6 18. exf5 Bxf5 19. Nh2 Nd4 20. Nf3 Nxe2+ 21. Nxe2
Qd7 22. Nh2 Nd5 23. c4 Nf4 24. Nxf4 exf4 25. d4 Bxh3 26. gxh3 Qxh3 27. f3 Rf5
28. Rf2 Re8 29. Re1 Rg5+ 30. Ng4 Qg3+ 31. Kf1 Qh3+ 32. Kg1 Rxe1+ 33. Qxe1 h5
34. Qe4+ Kh8 35. Qxf4 Qh4 36. Kf1 Rg6 37. Rh2 Qg5 38. Qxg5 Rxg5 39. Ne3 g6 40.
Kf2 c6 41. b4 Kg7 42. f4 1-0

[Event "Collado Villalba op-B 35th"]
[Site "Collado Villalba ESP"]
[Date "2018.08.31"]
[Round "8.17"]
[White "Karunanithi, Bharath"]
[Black "Enriquez Pastor, Jorge"]
[Result "1-0"]
[WhiteElo "1603"]
[BlackElo "1430"]
[PlyCount "95"]
[EventDate "2018.08.24"]
[EventType "swiss"]
[EventRounds "9"]
[EventCountry "ESP"]
[SourceTitle "Ajedrez en Madrid"]
[Source "lmi"]
[SourceDate "2018.08.24"]

1. e4 e6 2. d4 d5 3. Bd3 c5 4. c3 Qb6 5. Nf3 Nf6 6. e5 Nfd7 7. O-O Nc6 8. Bc2
cxd4 9. cxd4 Be7 10. Nc3 Qc7 11. a3 a6 12. h3 Nb6 13. Nh2 Na5 14. Qg4 g6 15.
Qf3 Bd7 16. b3 Bc6 17. Bd2 Bb5 18. Nxb5 axb5 19. Bd3 Nc6 20. Bxb5 Rxa3 21. Rxa3
Bxa3 22. b4 O-O 23. Qxa3 Nxd4 24. Qd3 Nf5 25. Ng4 Ra8 26. Nf6+ Kh8 27. f4 Nc4
28. Rc1 Qb6+ 29. Kh1 Qxb5 30. g4 Ng7 31. h4 Qb6 32. Be1 Qe3 33. Qxe3 Nxe3 34.
Rc7 Ne8 35. Nxe8 Rxe8 36. Rxb7 Kg7 37. b5 Ra8 38. Kg1 Ra1 39. Kf2 d4 40. Rb8
Ra2+ 41. Kf3 Ra1 42. Bb4 f5 43. exf6+ Kxf6 44. Bc5 Nc2 45. Ke4 Ra4 46. Rb7 e5
47. g5+ Ke6 48. Re7# 1-0

[Event "Collado Villalba op-B 35th"]
[Site "Collado Villalba ESP"]
[Date "2018.08.31"]
[Round "8.19"]
[White "Pena Hernandez, Francisco"]
[Black "Perez Rodrigo, Alicia"]
[Result "1-0"]
[WhiteElo "1622"]
[BlackElo "1351"]
[PlyCount "143"]
[EventDate "2018.08.24"]
[EventType "swiss"]
[EventRounds "9"]
[EventCountry "ESP"]
[SourceTitle "Ajedrez en Madrid"]
[Source "lmi"]
[SourceDate "2018.08.24"]

1. d4 Nf6 2. c4 e6 3. Nc3 Bb4 4. Nf3 Ne4 5. Qc2 Nxc3 6. bxc3 Be7 7. Bf4 O-O 8.
e4 d6 9. Bd3 h6 10. O-O Nd7 11. Rfe1 b6 12. h3 Bb7 13. a4 Re8 14. a5 Bf6 15.
Bh2 e5 16. axb6 axb6 17. d5 Nc5 18. Nd2 Bh4 19. g3 Bg5 20. Nb3 Nxb3 21. Qxb3
Rxa1 22. Rxa1 Bc8 23. h4 Bf6 24. Qd1 Bh3 25. Bf1 Qd7 26. Bxh3 Qxh3 27. Qf1
Qxf1+ 28. Kxf1 Bd8 29. f3 g6 30. Bg1 f5 31. Bf2 fxe4 32. fxe4 Rf8 33. Ke2 g5
34. hxg5 hxg5 35. Rh1 g4 36. Be3 Be7 37. Rf1 Ra8 38. Rd1 Kg7 39. Rd2 Rf8 40.
Rd1 Rf3 41. Rg1 Kg6 42. Rg2 Bg5 43. Bxg5 Kxg5 44. Kd2 Kf6 45. Rg1 Ke7 46. Rh1
Rxg3 47. Rh7+ Kf6 48. Rxc7 Rh3 49. Rc8 Kf7 50. Ra8 Rh1 51. Ra7+ Kf6 52. Rd7 g3
53. Rxd6+ Kg5 54. Rd8 Kg4 55. Rg8+ Kf3 56. Rf8+ Kg2 57. Ke2 Rh2 58. Ke3 Kg1 59.
Rf3 g2 60. Rg3 Kh1 61. Kd3 g1=Q 62. Rxg1+ Kxg1 63. c5 bxc5 64. Kc4 Rh8 65. d6
Rc8 66. Kd5 Kf2 67. Kxe5 Re8+ 68. Kd5 Ke3 69. e5 Kf4 70. e6 Kf5 71. d7 Rd8 72.
Kd6 1-0

[Event "Collado Villalba op-B 35th"]
[Site "Collado Villalba ESP"]
[Date "2018.08.31"]
[Round "8.20"]
[White "Palacios Sanchez, Victor"]
[Black "Caravantes Camacho, Fernando"]
[Result "1-0"]
[WhiteElo "1449"]
[BlackElo "1561"]
[PlyCount "95"]
[EventDate "2018.08.24"]
[EventType "swiss"]
[EventRounds "9"]
[EventCountry "ESP"]
[SourceTitle "Ajedrez en Madrid"]
[Source "lmi"]
[SourceDate "2018.08.24"]

1. d4 c5 2. d5 d6 3. c4 b5 4. cxb5 a6 5. e4 g6 6. Qb3 Bg7 7. b6 Bb7 8. Nd2 Nd7
9. Nc4 Ngf6 10. f3 O-O 11. Bd2 Nxd5 12. Na5 N5xb6 13. Nxb7 Qc7 14. Na5 Rfb8 15.
Qc2 Nc8 16. Rb1 d5 17. exd5 Qe5+ 18. Ne2 Qxd5 19. Nc3 Qe5+ 20. Be2 Qd4 21. Nc6
Qh4+ 22. g3 Qh3 23. Nxb8 Rxb8 24. Bf1 Qe6+ 25. Qe4 Ne5 26. Be2 Nd6 27. Qd5 Qh3
28. f4 Qf5 29. fxe5 Qxe5 30. Qxe5 Bxe5 31. O-O Bd4+ 32. Kg2 e5 33. Bxa6 e4 34.
Bf4 e3 35. Bxd6 Rb6 36. Bc4 Rxd6 37. Rxf7 Kh8 38. Nb5 Rd8 39. Rbf1 Bxb2 40.
Rf8+ Rxf8 41. Rxf8+ Kg7 42. Rf7+ Kh6 43. a4 g5 44. a5 Kg6 45. Nd6 Be5 46. a6
Bxd6 47. a7 e2 48. Kf2 1-0

[Event "Collado Villalba op-B 35th"]
[Site "Collado Villalba ESP"]
[Date "2018.08.31"]
[Round "8.21"]
[White "Fernandez Garcia, Emiliano"]
[Black "Ruiz Grau, David"]
[Result "1-0"]
[WhiteElo "1545"]
[BlackElo "1277"]
[PlyCount "79"]
[EventDate "2018.08.24"]
[EventType "swiss"]
[EventRounds "9"]
[EventCountry "ESP"]
[SourceTitle "Ajedrez en Madrid"]
[Source "lmi"]
[SourceDate "2018.08.24"]

1. d4 d5 2. Nc3 Nf6 3. Bg5 c6 4. Bxf6 exf6 5. e4 Bb4 6. exd5 Bxc3+ 7. bxc3 Qxd5
8. Qf3 O-O 9. Qxd5 cxd5 10. Bd3 Nc6 11. Ne2 Re8 12. O-O Bg4 13. Nf4 Be6 14.
Rab1 Rab8 15. Rfe1 a6 16. h3 b5 17. g4 Na5 18. Kg2 g6 19. Be2 Rbc8 20. Bf3 Nc4
21. Bxd5 Bxd5+ 22. Nxd5 Rxe1 23. Rxe1 Kg7 24. Re7 Na3 25. Rc7 Rxc7 26. Nxc7 a5
27. d5 b4 28. cxb4 axb4 29. Kf3 Kf8 30. d6 Nxc2 31. Ke4 h6 32. Kd5 f5 33. gxf5
h5 34. Ke5 g5 35. f6 g4 36. d7 Kg8 37. d8=Q+ Kh7 38. hxg4 h4 39. Qf8 Kg6 40.
Qg7# 1-0

[Event "Collado Villalba op-B 35th"]
[Site "Collado Villalba ESP"]
[Date "2018.08.31"]
[Round "8.22"]
[White "Ariza del Castillo, Pablo"]
[Black "Rodriguez Gomez, Jose"]
[Result "0-1"]
[WhiteElo "1170"]
[BlackElo "1534"]
[PlyCount "138"]
[EventDate "2018.08.24"]
[EventType "swiss"]
[EventRounds "9"]
[EventCountry "ESP"]
[SourceTitle "Ajedrez en Madrid"]
[Source "lmi"]
[SourceDate "2018.08.24"]

1. d4 d5 2. c4 e6 3. Nc3 Nf6 4. cxd5 exd5 5. g3 c6 6. Bg2 Be7 7. Nf3 O-O 8. O-O
Nbd7 9. Ne5 Re8 10. f4 Nf8 11. e4 dxe4 12. Nxe4 Nxe4 13. Bxe4 Bf6 14. Be3 Be6
15. Qf3 Bd5 16. Bxd5 Qxd5 17. Qxd5 cxd5 18. Rac1 Bd8 19. Rc5 f6 20. Ng4 h5 21.
Nxf6+ Bxf6 22. Kf2 Rad8 23. Rc7 Re7 24. Rc3 Rde8 25. Rd3 Rc8 26. Rd2 Rec7 27.
Rfd1 Rc2 28. Kf3 Rxd2 29. Rxd2 Nd7 30. Ke2 a5 31. b3 Nb6 32. Kd3 a4 33. Rb2 Rc7
34. h3 axb3 35. axb3 Nc8 36. Ra2 Nd6 37. Ra5 b5 38. Ra6 Be7 39. g4 hxg4 40.
hxg4 Ne4 41. Bd2 Nxd2 42. Kxd2 b4 43. Ra5 Rc3 44. Rxd5 Rxb3 45. Rd7 Kf8 46. d5
Ke8 47. Rb7 Rf3 48. f5 Rf4 49. d6 Rd4+ 50. Ke3 Rxd6 51. Rxb4 Bg5+ 52. Ke4 Rd1
53. Rb8+ Kf7 54. Rb7+ Kg8 55. Rb8+ Kh7 56. Rb2 Re1+ 57. Kf3 Re3+ 58. Kg2 Ra3
59. Rb4 Bf6 60. Re4 Kh6 61. Kh2 Kg5 62. Kg2 Kh4 63. Kf2 Rd3 64. Ke2 Rg3 65. Kf2
Rxg4 66. Kf3 Rxe4 67. Kxe4 Kg4 68. Ke3 Kxf5 69. Kf3 g5 0-1

[Event "Collado Villalba op-B 35th"]
[Site "Collado Villalba ESP"]
[Date "2018.08.31"]
[Round "8.23"]
[White "Rojas Fernandez, Antonio"]
[Black "Palomares Cortez, Facundo Sebast"]
[Result "0-1"]
[WhiteElo "1141"]
[BlackElo "1486"]
[PlyCount "100"]
[EventDate "2018.08.24"]
[EventType "swiss"]
[EventRounds "9"]
[EventCountry "ESP"]
[SourceTitle "Ajedrez en Madrid"]
[Source "lmi"]
[SourceDate "2018.08.24"]

1. e4 e5 2. Nf3 Nc6 3. Bc4 Bc5 4. d3 Nf6 5. Bg5 h6 6. Bh4 d6 7. h3 Be6 8. Bb3
Qe7 9. Nc3 g5 10. Bg3 O-O-O 11. Qe2 Rdg8 12. Bxe6+ Qxe6 13. O-O-O a6 14. Rdg1
Rh7 15. h4 g4 16. Nd2 Nh5 17. Re1 Nd4 18. Qd1 Ba7 19. Rhf1 c6 20. Nb3 Nxb3+ 21.
axb3 f6 22. Qe2 Re7 23. Qd2 Rg6 24. Rd1 Reg7 25. Ne2 d5 26. exd5 cxd5 27. d4 e4
28. Qc3+ Qc6 29. Qxc6+ bxc6 30. Nf4 Nxf4 31. Bxf4 Bb8 32. Bxb8 Kxb8 33. g3 f5
34. c4 Rb7 35. Kc2 h5 36. Ra1 Ra7 37. Ra5 Rd6 38. cxd5 Rxd5 39. Rxd5 cxd5 40.
Ra1 f4 41. Rf1 Rf7 42. Rg1 fxg3 43. fxg3 Rf3 44. b4 Kb7 45. b3 Rf2+ 46. Kc3 Kb6
47. b5 Kxb5 48. b4 Rf3+ 49. Kc2 Kxb4 50. Rg2 Kc4 0-1

[Event "Collado Villalba op-B 35th"]
[Site "Collado Villalba ESP"]
[Date "2018.08.31"]
[Round "8.24"]
[White "Buergo Villanueva, Fernando"]
[Black "Benito Alba, Eladio"]
[Result "0-1"]
[WhiteElo "1272"]
[BlackElo "1535"]
[PlyCount "116"]
[EventDate "2018.08.24"]
[EventType "swiss"]
[EventRounds "9"]
[EventCountry "ESP"]
[SourceTitle "Ajedrez en Madrid"]
[Source "lmi"]
[SourceDate "2018.08.24"]

1. d4 d5 2. Nf3 Nf6 3. e3 Bf5 4. Bd3 Bxd3 5. Qxd3 e6 6. Qb5+ Nbd7 7. Bd2 Rb8 8.
O-O Bd6 9. Ne5 c6 10. Qa4 Nxe5 11. dxe5 Bxe5 12. Ba5 Qd7 13. Bb4 Bxb2 14. Nd2
Bxa1 15. Rxa1 b6 16. Bc3 c5 17. Qf4 O-O 18. Bxf6 gxf6 19. Qxf6 Qd8 20. Qf3 Kh8
21. Qf4 f6 22. Nf3 Rg8 23. Rd1 Qf8 24. e4 Qg7 25. g3 e5 26. Qh4 d4 27. Qh3 Qg4
28. Qxg4 Rxg4 29. Nd2 Rg7 30. Nc4 Rd7 31. g4 b5 32. Nd2 h6 33. h4 c4 34. Nf3 d3
35. c3 Rg8 36. Nh2 h5 37. f3 hxg4 38. fxg4 d2 39. Kf2 Rd3 40. Ke2 Rgd8 41. Nf3
Rxc3 42. Nxd2 Rc2 43. Ke1 Rxa2 44. Nb1 Rxd1+ 45. Kxd1 Rg2 46. Nc3 Rxg4 47. Nd5
Kg7 48. Nc7 Rxh4 49. Ne6+ Kf7 50. Nc5 Rh2 51. Nb7 Ke7 52. Nc5 Kd6 53. Na6 Rh4
54. Kd2 Rxe4 55. Kc3 Re3+ 56. Kb4 Rb3+ 57. Ka5 Ra3+ 58. Kb4 Rxa6 0-1

[Event "Collado Villalba op-B 35th"]
[Site "Collado Villalba ESP"]
[Date "2018.08.31"]
[Round "8.25"]
[White "Martin Rodriguez, Jose Luis"]
[Black "Llanas Del Hoyo, Andres"]
[Result "1/2-1/2"]
[WhiteElo "1266"]
[BlackElo "1509"]
[PlyCount "73"]
[EventDate "2018.08.24"]
[EventType "swiss"]
[EventRounds "9"]
[EventCountry "ESP"]
[SourceTitle "Ajedrez en Madrid"]
[Source "lmi"]
[SourceDate "2018.08.24"]

1. c4 f5 2. d4 e6 3. Nc3 Nf6 4. Nf3 c6 5. Bf4 d5 6. e3 Bd6 7. Bxd6 Qxd6 8. Ne5
Nbd7 9. c5 Qc7 10. f4 O-O 11. Be2 Nxe5 12. fxe5 Ne4 13. O-O Bd7 14. h4 Qd8 15.
Qe1 Kh8 16. Nxe4 dxe4 17. Qg3 Rg8 18. Qh3 g5 19. h5 g4 20. Qh2 Qg5 21. Rf4 h6
22. g3 Be8 23. Bc4 Bf7 24. b4 Rge8 25. b5 Qxh5 26. Qxh5 Bxh5 27. bxc6 bxc6 28.
Rb1 Bf7 29. Rb2 Rab8 30. Rh2 Kg7 31. Rff2 Rb1+ 32. Rf1 Rb4 33. Bb3 h5 34. Rb1
Reb8 35. Rhb2 a5 36. a3 R4b7 37. a4 1/2-1/2

[Event "Collado Villalba op-B 35th"]
[Site "Collado Villalba ESP"]
[Date "2018.08.31"]
[Round "8.26"]
[White "Andrade Sandoval, Marian"]
[Black "Penas Merino, Ramona"]
[Result "0-1"]
[WhiteElo "1234"]
[BlackElo "1440"]
[PlyCount "100"]
[EventDate "2018.08.24"]
[EventType "swiss"]
[EventRounds "9"]
[EventCountry "ESP"]
[SourceTitle "Ajedrez en Madrid"]
[Source "lmi"]
[SourceDate "2018.08.24"]

1. d4 d5 2. Nf3 e6 3. Bf4 Bd6 4. Bxd6 Qxd6 5. Nbd2 Nf6 6. e3 Nbd7 7. c4 c5 8.
cxd5 Nxd5 9. Ne4 Qb6 10. dxc5 Qb4+ 11. Qd2 Qxe4 12. Nd4 Nxc5 13. Rc1 Nd7 14.
Nb5 O-O 15. h3 Qb4 16. Qxb4 Nxb4 17. Nc7 Rb8 18. a3 Nd5 19. Nb5 b6 20. Nxa7 Bb7
21. Nb5 Rbc8 22. Rd1 Rc2 23. b4 Ba6 24. Nd4 Bxf1 25. Rxf1 Ra2 26. Nb5 N7f6 27.
Rc1 Ne4 28. g3 Nd2 29. Rh1 Nf3+ 30. Kf1 g6 31. Kg2 Ne5 32. Rhd1 Nxe3+ 33. Kg1
Nxd1 34. Rxd1 Nc4 35. Rd3 Rc8 36. Na7 Ra8 37. Nb5 Nb2 38. Rb3 Nd1 39. Rb1 Nxf2
40. Nc3 R2xa3 41. Nb5 Ra2 42. h4 Rc8 43. Nd4 Rc4 44. Nf3 Rcc2 45. Ng5 Ng4 46.
Ne4 Rg2+ 47. Kf1 Rh2 48. Kg1 Ne3 49. Nf6+ Kg7 50. Ne4 Rag2# 0-1

[Event "Collado Villalba op-B 35th"]
[Site "Collado Villalba ESP"]
[Date "2018.08.31"]
[Round "8.28"]
[White "Martinez Martinez, Antonio"]
[Black "Andrade Espinoza, Jhamil"]
[Result "1-0"]
[WhiteElo "1480"]
[BlackElo "1221"]
[PlyCount "143"]
[EventDate "2018.08.24"]
[EventType "swiss"]
[EventRounds "9"]
[EventCountry "ESP"]
[SourceTitle "Ajedrez en Madrid"]
[Source "lmi"]
[SourceDate "2018.08.24"]

1. e4 e6 2. Nf3 Nc6 3. Nc3 a6 4. d4 d5 5. e5 h6 6. Bd3 Bb4 7. Bd2 Nge7 8. O-O
O-O 9. Ne2 Ng6 10. c3 Ba5 11. b4 Bb6 12. a4 a5 13. b5 Nce7 14. h3 c6 15. bxc6
bxc6 16. Nh2 Ba7 17. Ng3 Nf5 18. Nh5 c5 19. g4 Nfh4 20. dxc5 Bxc5 21. Qe2 Bb7
22. Rab1 Rb8 23. Rb5 Qc7 24. Rfb1 d4 25. cxd4 Bxd4 26. Rc1 Bc6 27. Bxa5 Qc8 28.
Rxb8 Qxb8 29. Rxc6 Qa8 30. Be4 Qxa5 31. Ra6 Qxe5 32. Nf3 Nxf3+ 33. Qxf3 Nh4 34.
Qf4 Qxf4 35. Nxf4 Rb8 36. Ne2 Be5 37. f4 Bc7 38. Kf2 f5 39. gxf5 exf5 40. Bd5+
Kf8 41. Kg3 Bd8 42. Nd4 Bf6 43. Ne6+ Ke7 44. Nc5 g5 45. fxg5 hxg5 46. Nb7 Be5+
47. Kf2 Bd4+ 48. Ke2 Rc8 49. Kd3 Bg1 50. Re6+ Kd7 51. a5 f4 52. Re1 f3 53. Rxg1
f2 54. Rf1 Rf8 55. Ke2 Rf5 56. Be4 Rf4 57. Ke3 Nf5+ 58. Bxf5+ Kc7 59. Be4 Rh4
60. Rxf2 Rxh3+ 61. Rf3 Rxf3+ 62. Kxf3 Kb8 63. Ke3 Ka7 64. Kd4 Ka6 65. Kc5 g4
66. Kc6 Ka7 67. Bd5 g3 68. Kc5 Ka8 69. Kb6 Kb8 70. a6 Ka8 71. Nd6+ Kb8 72. a7#
1-0

[Event "Collado Villalba op-B 35th"]
[Site "Collado Villalba ESP"]
[Date "2018.08.31"]
[Round "8.29"]
[White "Rufo Yebra, Benito"]
[Black "Rapaport, Andres Natalio"]
[Result "0-1"]
[WhiteElo "1425"]
[BlackElo "1277"]
[PlyCount "160"]
[EventDate "2018.08.24"]
[EventType "swiss"]
[EventRounds "9"]
[EventCountry "ESP"]
[SourceTitle "Ajedrez en Madrid"]
[Source "lmi"]
[SourceDate "2018.08.24"]

1. d4 d5 2. e3 Nf6 3. Bd3 Bg4 4. Nf3 e6 5. Nc3 Bd6 6. Bd2 Nbd7 7. h3 Bh5 8. g4
Bg6 9. Bxg6 hxg6 10. Qe2 Nxg4 11. O-O-O Ngf6 12. e4 dxe4 13. Nxe4 Nxe4 14. Qxe4
c6 15. Bg5 Nf6 16. Qe2 Qa5 17. Kb1 Qb6 18. Bxf6 gxf6 19. d5 cxd5 20. Rxd5 O-O
21. Rb5 Qc6 22. h4 a6 23. Rb3 Rac8 24. h5 g5 25. h6 g4 26. Rg1 f5 27. Ne5 Bxe5
28. Qxe5 f6 29. Qe2 Kh7 30. f4 Rfd8 31. Ra3 Rd4 32. Rc3 Qd7 33. Rxc8 Qxc8 34.
Qf2 Qd7 35. Rc1 Rd1 36. Qe3 Rxc1+ 37. Kxc1 Qd5 38. b3 Qe4 39. Qd2 Qh1+ 40. Kb2
Qxh6 41. Qd7+ Qg7 42. Qxe6 g3 43. Qxf5+ Qg6 44. Qh3+ Kg7 45. Qg2 f5 46. Qxb7+
Qf7 47. Qg2 Qg6 48. a4 Kh6 49. Qh3+ Kg7 50. Qg2 Kh6 51. c3 Qg4 52. Qc6+ Kh5 53.
Qe8+ Qg6 54. Qh8+ Qh6 55. Qe8+ Kg4 56. Qe2+ Kh3 57. Qf3 Qh4 58. Qh1+ Kg4 59.
Qd1+ Kh3 60. Qf3 Kh2 61. Ka3 g2 62. Qe2 Qg3 63. Qh5+ Qh3 64. Qe2 Kh1 65. Qxa6
g1=Q 66. Qc6+ Kh2 67. a5 Qa1+ 68. Kb4 Qe3 69. a6 Qxf4+ 70. c4 Qd2+ 71. Kc5
Qaa5+ 72. Qb5 Qe3+ 73. Kd5 Qd8+ 74. Kc6 Qc8+ 75. Kd5 Qd3+ 76. Ke5 Qc7+ 77. Kf6
Qcd6+ 78. Kf7 f4 79. a7 Qh7+ 80. Ke8 Qhe7# 0-1

[Event "Collado Villalba op-B 35th"]
[Site "Collado Villalba ESP"]
[Date "2018.09.01"]
[Round "9.1"]
[White "Fernandez Estremera, Fernando"]
[Black "De Dompablo Fantova, Juan"]
[Result "1/2-1/2"]
[WhiteElo "1830"]
[BlackElo "1638"]
[PlyCount "45"]
[EventDate "2018.08.24"]
[EventType "swiss"]
[EventRounds "9"]
[EventCountry "ESP"]
[SourceTitle "Ajedrez en Madrid"]
[Source "lmi"]
[SourceDate "2018.08.24"]

1. d4 Nf6 2. Nc3 g6 3. e4 d6 4. Be3 a6 5. f3 Bg7 6. Qd2 b5 7. Bh6 O-O 8. h4 c5
9. d5 b4 10. Nce2 Qa5 11. Bxg7 Kxg7 12. g4 h5 13. gxh5 Nxh5 14. Nh3 Nd7 15.
Nhf4 Ndf6 16. Nd3 e6 17. Ndf4 exd5 18. Nxd5 Nxd5 19. Qxd5 b3+ 20. Qd2 Qxd2+ 21.
Kxd2 bxa2 22. Bh3 Bxh3 23. Rxh3 1/2-1/2

[Event "Collado Villalba op-B 35th"]
[Site "Collado Villalba ESP"]
[Date "2018.09.01"]
[Round "9.2"]
[White "Gamboa Ondono, Jesus"]
[Black "Gonzalez Pinar, Adrian"]
[Result "1-0"]
[WhiteElo "1749"]
[BlackElo "1593"]
[PlyCount "55"]
[EventDate "2018.08.24"]
[EventType "swiss"]
[EventRounds "9"]
[EventCountry "ESP"]
[SourceTitle "Ajedrez en Madrid"]
[Source "lmi"]
[SourceDate "2018.08.24"]

1. d4 e6 2. c4 Nf6 3. Nf3 d5 4. Nc3 Bb4 5. e3 O-O 6. Bd3 Nbd7 7. Qc2 dxc4 8.
Bxc4 c5 9. O-O cxd4 10. exd4 Nb6 11. Bb3 Bd7 12. Bg5 a5 13. a3 Bxc3 14. Qxc3 h6
15. Bh4 Bb5 16. Rfe1 Rc8 17. Qxa5 Bc6 18. Ne5 Qxd4 19. Bxf6 gxf6 20. Rad1 Qxb2
21. Ng4 Nd5 22. Rd3 Nf4 23. Rg3 Kh7 24. Qb4 Ne2+ 25. Rxe2 Qxe2 26. Nxf6+ Kh8
27. h3 Rg8 28. Qf4 1-0

[Event "Collado Villalba op-B 35th"]
[Site "Collado Villalba ESP"]
[Date "2018.09.01"]
[Round "9.3"]
[White "Tirado Parra, Alberto"]
[Black "Garcia Serrano, Jose Manuel"]
[Result "1-0"]
[WhiteElo "1837"]
[BlackElo "1908"]
[PlyCount "93"]
[EventDate "2018.08.24"]
[EventType "swiss"]
[EventRounds "9"]
[EventCountry "ESP"]
[SourceTitle "Ajedrez en Madrid"]
[Source "lmi"]
[SourceDate "2018.08.24"]

1. d4 d5 2. c4 Nc6 3. cxd5 Qxd5 4. e3 e5 5. Nc3 Bb4 6. a3 Bxc3+ 7. bxc3 Nf6 8.
c4 Qd6 9. d5 Ne7 10. a4 Qb4+ 11. Bd2 Qd6 12. Bc1 Qb4+ 13. Qd2 Qxd2+ 14. Bxd2
O-O 15. Nf3 Ng6 16. Bc3 Re8 17. Nd2 Bf5 18. f3 Rad8 19. e4 Bc8 20. g3 Nd7 21.
Nb3 Ne7 22. c5 f5 23. Bc4 Kh8 24. O-O fxe4 25. fxe4 Nf6 26. Rae1 Bh3 27. Rf2
Ng6 28. Bf1 Bc8 29. Bg2 Kg8 30. Nd2 Bd7 31. Ra1 Ng4 32. Rf3 Rf8 33. Nc4 Rfe8
34. d6 cxd6 35. Nxd6 Re7 36. Nxb7 Rb8 37. Na5 Re6 38. Bf1 Rf6 39. Bc4+ Kh8 40.
Rxf6 Nxf6 41. c6 Be8 42. Be6 Nxe4 43. c7 Ra8 44. Rb1 Rc8 45. Rb8 Nd6 46. Bxc8
Ne7 47. Bd7 1-0

[Event "Collado Villalba op-B 35th"]
[Site "Collado Villalba ESP"]
[Date "2018.09.01"]
[Round "9.4"]
[White "Munoz Morato, Miguel"]
[Black "Ballina Amandi, Casimiro"]
[Result "1/2-1/2"]
[WhiteElo "1708"]
[BlackElo "1781"]
[PlyCount "95"]
[EventDate "2018.08.24"]
[EventType "swiss"]
[EventRounds "9"]
[EventCountry "ESP"]
[SourceTitle "Ajedrez en Madrid"]
[Source "lmi"]
[SourceDate "2018.08.24"]

1. c4 c5 2. Nc3 Nc6 3. g3 d6 4. Bg2 Nf6 5. d3 g6 6. e4 Bg7 7. Nge2 O-O 8. O-O
a6 9. Rb1 Rb8 10. a4 Bd7 11. h3 Ne8 12. f4 Nc7 13. Be3 b5 14. b3 b4 15. Nd5 Ne6
16. f5 Ned4 17. Nxd4 Nxd4 18. Bxd4 Bxd4+ 19. Kh1 e6 20. fxg6 hxg6 21. Nf4 Qg5
22. Ne2 Be5 23. Qe1 Qh5 24. Nf4 Qh7 25. Qd1 Kg7 26. Qg4 Rbd8 27. Qg5 f6 28. Qg4
Bxf4 29. gxf4 e5 30. f5 g5 31. Rf3 Rh8 32. Rg3 Qh4 33. Bf3 Qxg4 34. Bxg4 Rh4
35. Kg2 Rdh8 36. Ra1 Be8 37. Rb1 Bh5 38. Rh1 Bxg4 39. Rxg4 R8h5 40. a5 Kh6 41.
Rh2 Kg7 42. Rh1 Rh7 43. Rh2 Kh6 44. Rxh4+ gxh4 45. Kf3 Rg7 46. Rg2 Rg5 47. Rxg5
Kxg5 48. Ke3 1/2-1/2

[Event "Collado Villalba op-B 35th"]
[Site "Collado Villalba ESP"]
[Date "2018.09.01"]
[Round "9.5"]
[White "Fernandez Rios, Jose Francisco"]
[Black "Liceras Ruiz, Manuel"]
[Result "1/2-1/2"]
[WhiteElo "1729"]
[BlackElo "1642"]
[PlyCount "41"]
[EventDate "2018.08.24"]
[EventType "swiss"]
[EventRounds "9"]
[EventCountry "ESP"]
[SourceTitle "Ajedrez en Madrid"]
[Source "lmi"]
[SourceDate "2018.08.24"]

1. d4 d5 2. c4 c6 3. Nf3 Nf6 4. e3 e6 5. b3 Nbd7 6. Bb2 Bd6 7. Ne5 O-O 8. Bd3
Re8 9. Nd2 Nf8 10. O-O N6d7 11. f4 f6 12. Nxd7 Bxd7 13. e4 dxe4 14. Nxe4 Be7
15. Qh5 Ng6 16. Rf3 f5 17. Ng5 Bxg5 18. fxg5 Qe7 19. Re1 Qf7 20. Rh3 Nf8 21.
Qxf7+ 1/2-1/2